00594 a2200193 450000100060000002000150000604000240002110000290004524000270007424500220010130000070012336200090013044000130013965000240015294200070017695201060018395200940028999900170038368909 a8526249622 cAnchieta - Itaigara aMachado, Nílson José10aA peteca do pintolpor10aA peteca do pinto a240 a2003 1aScipione 4aLiteratura infantil cBK 00104070a88.1b88.1d2023-11-21l0oLI 028.5 MAC PETp712/ITAr2023-11-21 20:03:15w2023-11-21yBK 00102ddc4070a57.2b57.2d2024-06-27l0pif1r2024-06-27 11:57:08w2024-06-27yBKzAu c68909d68909